01310nam a2200277 i 450000100060000000300090000600500170001500700030003200800410003508000280007608000390010410000370014324501570018026001230033730000300046049000390049050400300052960000740055970000460063370000410067971000510072083000490077185200730082099900170089395201220091066824ES-MaACL20251002201618.0t|040405s2003 sp ||||1| spa d a929 Hernández, Miguel a821.134.2 Hernández, Miguel 1.071 aPérez Alvarez, Ramón.99063710aHacia Miguel Hernández / cRamón Pérez Alvarez ; edición y prólogo Aitor L. Larrabide y José Luis Zerón Huguet ; epílogo César Moreno. aOrihuela (Alicante) : bAsociación Cultural Ediciones Empireuma :bFundación Cultural Miguel Hernández, c[2003] a131 p. : bil. ; c25 cm.1 aBiblioteca hernandiana. Documentos aBibliografía: p. 14-16.14aHernández, Miguel,d1910-1942-xCrítica e interpretación9628461 aLarrabide Achútegui, Aitor Luis.9702911 aZerón Huguet, José Luis.91182072 aFundación Cultural Miguel Hernández.942651 aBiblioteca hernandiana. aDocumentos92308554 aES-MaACLjL-27288 z- Dedicatoria autógrafa de Aitor L. Larrabide c66824d66824 00104070aATENEOMbATENEOMcDEPO2d2008-01-17eSCl0oL-27288p1069992r2023-02-23 00:00:00w2023-02-23yMONOGRAFIA